Lanza del Vasto
Na minha lista:
| Autor principal: | |
|---|---|
| Formato: | Livro |
| Idioma: | francês |
| Publicado em: |
París
Pierre Seghers
1966
|
| coleção: | Poetes d'aujourd'hui, 151
|
| Assuntos: | |
| Tags: |
Adicionar Tag
Sem tags, seja o primeiro a adicionar uma tag!
|
MARC
| LEADER | 00000nam a2200000 a 4500 | ||
|---|---|---|---|
| 001 | UCY4850 | ||
| 003 | CL-VaPUC | ||
| 005 | 20210805180456.0 | ||
| 008 | 950403e19660000FR |||||||||||||||||fre|d | ||
| 999 | |c 232605 |d 232603 | ||
| 040 | |c Pontificia Universidad Católica de Valparaíso | ||
| 082 | 0 | 4 | |a 841.09 |b MAR |2 21 |
| 100 | |a Mareüil, Arnaud de |e autor |9 333367 | ||
| 245 | 1 | 0 | |a Lanza del Vasto |
| 260 | |a París |b Pierre Seghers |c 1966 | ||
| 300 | |a 189 p | ||
| 490 | 0 | |a Poetes d'aujourd'hui, 151 | |
| 583 | |a last modification |c 19950403 00:00:00 |k Rodrigo Vera | ||
| 600 | |a Lanza del Vasto, Giuseppe |d 1901-1981 |9 859863 | ||
| 852 | |a BIBCUR | ||
| 942 | |c BK |2 ddc | ||
| 945 | |d 19950403 00:00:00 |a mfernand | ||
| 952 | |0 0 |1 0 |4 0 |6 841_090000000000000_MAR_1966 |7 0 |8 P |9 237332 |a BIBART |b BIBART |d 2019-11-15 |i 3068943 |o 841.09 MAR 1966 |p 3068943 |r 2025-03-13 |w 2019-11-15 |y BK |k ART | ||